000 00652nam a22002297a 4500
003 UA-OsUOA
001 74238
007 ta
008 20110331b un ||||| |||| 00| 0 ukr d
100 _aГребениченко С.Ф.
700 _aТоктамысов С.Ж.
090 _a32
_bГ79
942 _cSA
040 _aUA-OsUOA
_brus
_cUA-OsUOA
_dUA-OsUOA
245 _aЦентральная Азия и геостратегия России
300 _aС.3-28
955 _a0
041 _arus
080 _a32
773 0 _w74237
_tСоциально-гуманитарные знания
_dМ.
_d2011
_g1
650 7 _a32 Політика
_2UDC
999 _c360528
_d360528